000 01090nam a22003377a 4500
003 CHAP
005 20220329135313.0
008 971013s1986 r 00010 d
010 _a34087
011 _a35059
035 _a39175
040 _cCHAP
090 _aTesis
100 0 0 _aMendoza Arizmendi, José Luis.
_974603
245 _aCromosomas B en tomate
_b: morfología y número
260 _aChapingo, Méx. :
_bEl autor,
_c1986
300 _a66 h.
_b; gráfs
502 _aTesis (M.C. Esp. en Genética) -- CP. Centro de Genética
590 _aALEPH
_b10
_c20130110
_lUCH01
_h1259
590 _aBATCH-UPD
_b10
_c20130110
_lUCH01
_h1621
590 _aBATCH-UPD
_b10
_c20130410
_lUCH01
_h1015
590 _aBATCH-UPD
_b10
_c20130914
_lUCH01
_h1104
590 _aCONVERSION
_b10
_c20130109
_lUCH01
_h1319
650 1 4 _aCromosomas.
_929152
650 1 4 _aTomate
_xFisiología y morfología.
_9113722
650 1 4 _aTomate
_xGenética.
_9113726
901 _aBK
942 _cFOLL
949 _bBC
_cTES
_d-89435
_eTS1
_h18269
_i39175
_si
949 _bBC
_cTES
_d-89436
_eTS2
_fc.2
_h18270
_i39175
_si
999 _c34087
_d34087